| 000 | 00810cab a22002175a 4500 | ||
|---|---|---|---|
| 001 | L160029 | ||
| 008 | 150113e2016 xxk 000 0 eng d | ||
| 035 | _a(Sirsi) u160029 | ||
| 041 | 0 | _aeng | |
| 050 | _a692.3 | ||
| 100 | 1 | _aPugh, T. | |
| 245 | 0 | 0 |
_aGetting to grips _h[electronic resource] |
| 260 |
_aLondon _bRICS _c2016 |
||
| 490 |
_aRICS Building Surveying Journal _vMarch 2016 - April 2016, 5(1) |
||
| 520 | _aGives a ground-level view of how the International Property Measurement Standards will affect professional practice. | ||
| 650 | 2 | 4 | _aINTERNATIONAL PROPERTY MEASUREMENT STANDARDS |
| 651 | 4 | _aInternational | |
| 690 |
_aMeasurement _96256 |
||
| 856 | 4 | 0 |
_uhttps://image.isu.pub/160308110754-25dc2ce4744287f39e638ac443a17cd0/jpg/page_5.jpg _yAvailable free online via Issuu |
| 942 |
_n0 _2ddc |
||
| 999 |
_c85144 _d85144 |
||